A hermeneutika helye Thomas Kuhn gondolkodásában megjegyzések Laki János Kuhn-értelmezéséhez
Elmentve itt :
| Szerző: | |
|---|---|
| További közreműködők: | |
| Adatforrás: | Philobibl |
| Forrásdokumentuma: | Magyar Filozófiai Szemle 54.2010:1. p. 148-154. |
| Dokumentumtípus: | Cikk |
| Nyelv: | magyar |
| Kulcsszavak: | tudományelmélet Kuhn, Thomas hermeneutika realizmus |
| LEADER | 00517nab a2200157 c 4500 | ||
|---|---|---|---|
| 001 | bibPHI0039089 | ||
| 005 | 20200924124118.9 | ||
| 008 | 100909s2010 hu hun | ||
| 100 | 1 | |a Schwendtner Tibor | |
| 245 | 1 | 2 | |a A hermeneutika helye Thomas Kuhn gondolkodásában |b megjegyzések Laki János Kuhn-értelmezéséhez |c Schwendtner Tibor |
| 695 | |a tudományelmélet | ||
| 695 | |a Kuhn, Thomas | ||
| 695 | |a hermeneutika | ||
| 695 | |a realizmus | ||
| 700 | 1 | |a Laki János | |
| 773 | 0 | |t Magyar Filozófiai Szemle |g 54.2010:1. p. 148-154. | |